[Event "14e Open International de la Reunion"]
[Site "St Denis"]
[Date "2012.10.11"]
[Round "6.11"]
[White "Duprey, Francois-Xavier"]
[Black "Ratsimikatry, Caryl Patrick"]
[Result "1/2-1/2"]
[WhiteElo "1792"]
[BlackElo "1924"]
[PlyCount "184"]
[EventDate "2012.??.??"]

1. c4 Nf6 2. Nf3 c5 3. d4 cxd4 4. Nxd4 g6 5. Nc3 Bg7 6. g3 O-O 7. Bg2 Qb6 8.
O-O Nc6 9. Ndb5 a6 10. Be3 Qa5 11. Na3 Ng4 12. Bd2 Qb6 13. Nd5 Qxb2 14. Nc2 e6
15. Bc1 Qe5 16. Bf4 Qh5 17. h3 Nxf2 18. Rxf2 exd5 19. cxd5 Ne5 20. Qc1 d6 21.
g4 Qh4 22. Bg5 Qg3 23. Ne3 Nxg4 24. Nxg4 Bxg4 25. hxg4 Rac8 26. Qf1 Qe5 27. Bf6
Bxf6 28. Rxf6 Qd4+ 29. Kh2 Qxg4 30. Bh3 Qh5 31. Rd1 Rc2 32. Re1 Rxa2 33. Kg1
Qxd5 34. Bg2 Qc5+ 35. Qf2 b5 36. Rf1 Rxe2 37. Qxc5 dxc5 38. Rxa6 Re7 39. Rb6 b4
40. Rc1 Rfe8 41. Rxc5 Re1+ 42. Kh2 Rb1 43. Rcb5 Re7 44. Rxb4 Rxb4 45. Rxb4 Kg7
46. Kg3 f5 47. Rb6 Re2 48. Kf3 Re4 49. Kf2 Rh4 50. Bf3 g5 51. Rb7+ Kf6 52. Rb6+
Ke7 53. Rb7+ Kd6 54. Rb5 Rf4 55. Kg3 Ke6 56. Rb6+ Ke5 57. Rb5+ Kd4 58. Rb4+ Ke3
59. Rb3+ Kd2 60. Rb2+ Kc3 61. Rb7 Rh4 62. Rc7+ Kd4 63. Rd7+ Ke5 64. Re7+ Kf6
65. Ra7 f4+ 66. Kg2 g4 67. Ra6+ Ke5 68. Ra5+ Kd4 69. Ra4+ Kd3 70. Ra3+ Kd2 71.
Ra2+ Kc3 72. Ba8 g3 73. Kf3 Kb3 74. Rg2 Kc3 75. Ra2 Kd4 76. Ra4+ Ke5 77. Ra5+
Kd6 78. Ra2 h5 79. Rd2+ Ke5 80. Re2+ Kf6 81. Bb7 Rg4 82. Bc8 Rg8 83. Bh3 Kg5
84. Re5+ Kh4 85. Bg2 Rb8 86. Re2 Rb4 87. Ra2 Kg5 88. Ra5+ Kg6 89. Ra6+ Kg7 90.
Ra7+ Kf6 91. Ra6+ Kg5 92. Ra5+ Kh4 1/2-1/2

[Event "14e Open International de la Reunion"]
[Site "St Denis"]
[Date "2012.10.11"]
[Round "6.12"]
[White "Desire, Michael"]
[Black "Rajaonson, Andriamahenina"]
[Result "0-1"]
[WhiteElo "1780"]
[BlackElo "1897"]
[PlyCount "96"]
[EventDate "2012.??.??"]

1. d4 f5 2. e4 fxe4 3. Nc3 Nf6 4. Bg5 g6 5. Bxf6 exf6 6. Nxe4 d5 7. Nd2 Bd6 8.
g3 O-O 9. Bg2 Re8+ 10. Ne2 c6 11. O-O Bg4 12. Nf3 Nd7 13. h3 Bf5 14. Nc3 Qc7
15. Kh2 g5 16. Qd2 Nf8 17. Nxg5 fxg5 18. Qxg5+ Bg6 19. h4 Be7 20. Qg4 Qc8 21.
Qf4 Ne6 22. Qe5 Ng7 23. Qf4 Qd8 24. Rae1 Rf8 25. Qd2 Nf5 26. Bh3 Bxh4 27. Qf4
Bg5 28. Qg4 Ng7 29. Bg2 Bxc2 30. f4 Bf6 31. Rf2 Bf5 32. Qd1 Qd7 33. Bf3 Rae8
34. Rh1 Be4 35. Bxe4 dxe4 36. Qb3+ Qf7 37. d5 Bxc3 38. bxc3 cxd5 39. Kg1 Rd8
40. Rfh2 h5 41. Qd1 Qg6 42. Qd4 Rxf4 43. Rg2 Rg4 44. c4 Rxg3 45. Rhh2 h4 46.
Rxg3 hxg3 47. Rg2 Nf5 48. Qe5 dxc4 0-1

[Event "14e Open International de la Reunion"]
[Site "St Denis"]
[Date "2012.10.11"]
[Round "6.13"]
[White "Dijoux, Julien"]
[Black "Olivier, Tom"]
[Result "1-0"]
[WhiteElo "1883"]
[BlackElo "1760"]
[PlyCount "107"]
[EventDate "2012.??.??"]

1. d4 d5 2. Nf3 Nf6 3. g3 c6 4. Bg2 e6 5. O-O Be7 6. b3 O-O 7. Bb2 Nbd7 8. c4
Ne4 9. Nc3 Nxc3 10. Bxc3 Re8 11. Re1 Nf6 12. Nd2 Rb8 13. e4 dxe4 14. Nxe4 Nxe4
15. Bxe4 Bf6 16. Qc2 g6 17. Rad1 Qc7 18. f4 b6 19. c5 Bb7 20. Rd2 Bg7 21. Bb2
Red8 22. Red1 Rd7 23. b4 b5 24. Rd3 a6 25. Bc1 Rdd8 26. Be3 Qd7 27. R3d2 Ra8
28. Qc3 Kf8 29. Bf3 h5 30. h3 Qe7 31. Kg2 Rd7 32. g4 hxg4 33. hxg4 Qf6 34. Kg3
Rdd8 35. g5 Qf5 36. Bf2 Ke7 37. Rh1 Rh8 38. Rdd1 Kd7 39. Rde1 Rac8 40. Be4 Rxh1
41. Bxf5 Rxe1 42. Bxg6 Rh1 43. Be4 Rhh8 44. Bf3 f5 45. gxf6 Bxf6 46. Kg2 Rcg8+
47. Kf1 Rh2 48. Qd3 Ke7 49. Qe4 Kf7 50. f5 Re8 51. Bg3 exf5 52. Qxf5 Bc8 53.
Bh5+ Kg7 54. Qg6+ 1-0

[Event "14e Open International de la Reunion"]
[Site "St Denis"]
[Date "2012.10.11"]
[Round "6.14"]
[White "Nassau, Pierre-Alexandre"]
[Black "Caron, Jean-Marie"]
[Result "0-1"]
[WhiteElo "1675"]
[BlackElo "1872"]
[PlyCount "28"]
[EventDate "2012.??.??"]

1. e4 e6 2. d4 d5 3. exd5 exd5 4. Nf3 Nf6 5. Nc3 Bd6 6. Bg5 c6 7. h3 Bf5 8. Be2
Nbd7 9. O-O Qc7 10. a3 h6 11. Be3 g5 12. b4 Rg8 13. g4 Be4 14. Nd2 Bh2# 0-1

[Event "14e Open International de la Reunion"]
[Site "St Denis"]
[Date "2012.10.11"]
[Round "6.15"]
[White "Cochard, Franck-Olivier"]
[Black "Frisk, Anders"]
[Result "1-0"]
[WhiteElo "1554"]
[BlackElo "1847"]
[PlyCount "73"]
[EventDate "2012.??.??"]

1. Nf3 f5 2. c4 Nf6 3. Nc3 g6 4. g3 Bg7 5. Bg2 O-O 6. O-O d6 7. d4 Qe8 8. Qb3
Na6 9. Ng5 c6 10. e4 h6 11. e5 hxg5 12. exf6 Bxf6 13. d5 c5 14. Re1 Nb4 15. Nb5
Qd8 16. a3 Na6 17. Qe3 Nc7 18. Nxc7 Qxc7 19. h4 Rf7 20. hxg5 Be5 21. Qe2 Bd7
22. f4 Bd4+ 23. Be3 Bh8 24. Kf2 a6 25. Rh1 b5 26. Rh6 bxc4 27. Rxg6+ Rg7 28.
Qh5 Rxg6 29. Qxg6+ Bg7 30. Rh1 Be8 31. Qh7+ Kf8 32. Qxf5+ Kg8 33. Qh7+ Kf8 34.
Bh3 Bf7 35. Be6 Rb8 36. Qf5 Rxb2+ 37. Kf3 1-0

[Event "14e Open International de la Reunion"]
[Site "St Denis"]
[Date "2012.10.11"]
[Round "6.16"]
[White "Dalleau, Philippe"]
[Black "Vitry, Patrick"]
[Result "0-1"]
[WhiteElo "1846"]
[BlackElo "1750"]
[PlyCount "70"]
[EventDate "2012.??.??"]

1. e4 e5 2. Nf3 Nf6 3. Nc3 d6 4. d4 exd4 5. Nxd4 Bd7 6. Be2 Nc6 7. O-O g6 8.
Bg5 h6 9. Bxf6 Qxf6 10. Nd5 Qxd4 11. Nxc7+ Kd8 12. Nxa8 Kc8 13. Qb1 Kb8 14. c3
Qc5 15. b4 Qxc3 16. b5 Nd4 17. Qd1 Nxe2+ 18. Qxe2 Kxa8 19. Rac1 Qa5 20. Qc4 Qd8
21. b6 Bc6 22. bxa7 d5 23. exd5 Qxd5 24. Qxd5 Bxd5 25. Rc8+ Kxa7 26. Rd1 Be6
27. Rcd8 Bg7 28. R8d3 Rc8 29. h3 h5 30. R1d2 Rc1+ 31. Kh2 Ra1 32. g3 Bf6 33. h4
Be7 34. Re3 Bc5 35. Re5 b6 0-1

[Event "14e Open International de la Reunion"]
[Site "St Denis"]
[Date "2012.10.11"]
[Round "6.17"]
[White "Andriandaza, Tombo Omar"]
[Black "Payet, Jean-Claude"]
[Result "0-1"]
[WhiteElo "1567"]
[BlackElo "1829"]
[PlyCount "116"]
[EventDate "2012.??.??"]

1. e4 c5 2. Nf3 Nc6 3. d4 cxd4 4. Nxd4 Nf6 5. Nc3 d6 6. Bb5 Bd7 7. O-O g6 8.
Bf4 e5 9. Nxc6 bxc6 10. Bg5 cxb5 11. Nd5 Be7 12. Nxe7 Nxe4 13. Nxg6 Qxg5 14.
Nxh8 Be6 15. Qd3 d5 16. Qxb5+ Kf8 17. Nxf7 Bxf7 18. Qb7 Rd8 19. Qxa7 Rd6 20.
Qe3 Qg7 21. f3 Ng5 22. Qc5 Ke7 23. a4 Be6 24. f4 Nh3+ 25. Kh1 Nxf4 26. Rf2 d4
27. Rd1 Bd5 28. Rdd2 Qg6 29. Qc7+ Ke6 30. Qc8+ Rd7 31. Qa6+ Rd6 32. Qf1 h5 33.
Qe1 Qg5 34. b4 h4 35. b5 h3 36. Rxf4 Qxf4 37. Qf2 hxg2+ 38. Kg1 Qxf2+ 39. Rxf2
e4 40. Rxg2 Kf5 41. Kf1 d3 42. cxd3 exd3 43. Rd2 Ke4 44. a5 Bc4 45. b6 Ba6 46.
Ke1 Rd5 47. Rg2 Rxa5 48. Rg8 Ra1+ 49. Kd2 Ra2+ 50. Kd1 Rb2 51. Rb8 Ke3 52. Re8+
Kf4 53. h4 Kg4 54. Rh8 Rxb6 55. Kd2 Rb2+ 56. Kd1 Bc4 57. Rd8 Bb3+ 58. Kc1 Rc2+
0-1

[Event "14e Open International de la Reunion"]
[Site "St Denis"]
[Date "2012.10.11"]
[Round "6.18"]
[White "Frelicot, Eric"]
[Black "Herrero, Alain"]
[Result "1-0"]
[WhiteElo "1827"]
[BlackElo "1726"]
[PlyCount "90"]
[EventDate "2012.??.??"]

1. c4 c5 2. Nc3 g6 3. g3 Bg7 4. Bg2 Nc6 5. e3 e5 6. Nge2 Nge7 7. O-O O-O 8. a3
Rb8 9. d3 d6 10. Nd5 b6 11. Nec3 a6 12. Qa4 Nxd5 13. Bxd5 Ne7 14. Bg2 b5 15.
Qc2 Be6 16. Nd5 Nxd5 17. cxd5 Bd7 18. e4 Qc7 19. Bd2 Rfc8 20. Rfc1 Qd8 21. Qd1
Qe7 22. Qe2 f5 23. Rc2 Qf7 24. Rac1 fxe4 25. dxe4 h6 26. b3 g5 27. h3 Qg6 28.
f3 Bf6 29. g4 Bd8 30. Qe1 Qf6 31. Be3 a5 32. Qd2 Kg7 33. b4 axb4 34. axb4 c4
35. Ra1 Bb6 36. Ra6 Qd8 37. Qf2 Bxe3 38. Qxe3 Qc7 39. h4 Kg6 40. h5+ Kf6 41.
Qc3 Ra8 42. Rca2 Qb7 43. Rxd6+ Kf7 44. Rxa8 Rxa8 45. Qxe5 Qc7 1-0

[Event "14e Open International de la Reunion"]
[Site "St Denis"]
[Date "2012.10.11"]
[Round "6.19"]
[White "Han Yee Yu, Jerome"]
[Black "Genne, Rene"]
[Result "1/2-1/2"]
[WhiteElo "1603"]
[BlackElo "1795"]
[PlyCount "52"]
[EventDate "2012.??.??"]

1. e4 c5 2. Nf3 e6 3. d3 Nc6 4. Nbd2 Qc7 5. g3 Nf6 6. Bg2 Be7 7. O-O O-O 8. Re1
d6 9. h4 e5 10. Nh2 Be6 11. c3 Rad8 12. f4 exf4 13. gxf4 h6 14. Ndf3 Qc8 15. f5
Bd7 16. Qc2 a6 17. Be3 Ne5 18. Nxe5 dxe5 19. Nf3 Qc7 20. Bh3 Bb5 21. c4 Bc6 22.
Kh1 Kh7 23. Rg1 Rg8 24. Rad1 b6 25. Qc3 Bd6 26. a3 a5 1/2-1/2

[Event "14e Open International de la Reunion"]
[Site "St Denis"]
[Date "2012.10.11"]
[Round "6.21"]
[White "Deurvillier, Martial"]
[Black "Lecoro, Sylvain"]
[Result "0-1"]
[WhiteElo "1620"]
[BlackElo "1713"]
[PlyCount "46"]
[EventDate "2012.??.??"]

1. d4 Nf6 2. Bg5 d5 3. Bxf6 gxf6 4. e3 e5 5. dxe5 fxe5 6. c4 d4 7. exd4 exd4 8.
Nf3 Bb4+ 9. Nbd2 Rg8 10. a3 Be7 11. g3 Qd6 12. Ne4 Qg6 13. Qxd4 Nc6 14. Qe3 Bf5
15. Bd3 O-O-O 16. O-O h5 17. h4 Rxd3 18. Qxd3 Bxe4 19. Qe3 Qf5 20. Nd2 Bd3 21.
Rfe1 Bc5 22. Qf3 Qxf3 23. Nxf3 Rxg3+ 0-1

[Event "14e Open International de la Reunion"]
[Site "St Denis"]
[Date "2012.10.11"]
[Round "6.22"]
[White "Goorsahye, Antoine"]
[Black "Bah, Ismael"]
[Result "1-0"]
[WhiteElo "1899"]
[BlackElo "1768"]
[PlyCount "71"]
[EventDate "2012.??.??"]

1. e4 c6 2. d4 e6 3. c4 d5 4. exd5 exd5 5. Nc3 Nf6 6. Bg5 Be7 7. Nf3 O-O 8. Bd3
Be6 9. c5 Nbd7 10. O-O b6 11. b4 a5 12. a3 Re8 13. h3 axb4 14. axb4 Qc7 15. Re1
b5 16. Bc2 Qb7 17. Qd3 Nf8 18. Ne5 N8d7 19. Rxa8 Rxa8 20. Nf3 Nf8 21. Ne2 Ng6
22. Ng3 h6 23. Bd2 Ra7 24. Rxe6 fxe6 25. Qxg6 Bf8 26. Bxh6 Ra1+ 27. Kh2 Qf7 28.
Qg5 Kh8 29. Ne5 Qe8 30. Bg6 Qc8 31. Qh4 gxh6 32. Qxf6+ Bg7 33. Nf7+ Kg8 34.
Nxh6+ Kh8 35. Qh4 Qf8 36. Nf7+ 1-0

[Event "14e Open International de la Reunion"]
[Site "St Denis"]
[Date "2012.10.11"]
[Round "6.23"]
[White "Lecaille, Max"]
[Black "Weber, Richard"]
[Result "1/2-1/2"]
[WhiteElo "1545"]
[BlackElo "1811"]
[PlyCount "112"]
[EventDate "2012.??.??"]

1. e4 e5 2. Nf3 Nf6 3. Bc4 d5 4. exd5 Nxd5 5. Nxe5 Qe7 6. O-O Be6 7. Re1 Qd6 8.
Qf3 Be7 9. b3 O-O 10. Bb2 Bf6 11. d4 c6 12. Ba3 Qd8 13. Bxf8 Qxf8 14. Re2 b5
15. Bd3 Qc8 16. c4 Ne7 17. Nd2 Nd7 18. Rc1 Nxe5 19. dxe5 Bg5 20. h3 Bxd2 21.
Rxd2 bxc4 22. Bxc4 Bxc4 23. Rxc4 Qe6 24. Rcd4 Nd5 25. Qe4 Re8 26. Rc2 g6 27.
Kf1 a5 28. a3 Ne7 29. Qe3 Nf5 30. Qc3 Nxd4 31. Qxd4 Qxb3 32. Qd2 Qb5+ 33. Kg1
Qxe5 34. Rxc6 Qa1+ 35. Rc1 Qxa3 36. Qc3 Qxc3 37. Rxc3 Re1+ 38. Kh2 Ra1 39. Rc8+
Kg7 40. Ra8 a4 41. Kg3 a3 42. Ra7 a2 43. f3 Kh6 44. h4 Kg7 45. Kg4 Kf6 46. Ra6+
Kg7 47. Kg3 h5 48. Kf4 f6 49. Ra5 Kh6 50. Ra6 Kg7 51. Ra7+ Kh6 52. Ra5 Kg7 53.
Ra4 Kf7 54. Ra6 Ke7 55. Kg3 Kf7 56. Kf2 Ke7 1/2-1/2

[Event "14e Open International de la Reunion"]
[Site "St Denis"]
[Date "2012.10.11"]
[Round "6.24"]
[White "Folio, Cedric"]
[Black "Tang Hon Yue, Thibault"]
[Result "1-0"]
[WhiteElo "1700"]
[BlackElo "1506"]
[PlyCount "61"]
[EventDate "2012.??.??"]

1. d4 d5 2. Nf3 Nf6 3. Bg5 e6 4. c4 Be7 5. Nc3 c6 6. e3 Nbd7 7. Qc2 b6 8. cxd5
cxd5 9. Bf4 Nh5 10. Nb5 Bb4+ 11. Nd2 Bxd2+ 12. Kxd2 O-O 13. Bd6 Bb7 14. Bxf8
Qxf8 15. Bd3 Nhf6 16. Rac1 a6 17. Na3 Rc8 18. Qb3 Rxc1 19. Rxc1 Qd6 20. h3 Qh2
21. Bf1 Qg1 22. Ke1 Ne4 23. Rc2 b5 24. Re2 Nb6 25. Qc2 Nc4 26. Nb1 Qh2 27. b3
Nb6 28. Nd2 Nf6 29. g3 Bc8 30. Qc7 Nfd7 31. Qd8+ 1-0

[Event "14e Open International de la Reunion"]
[Site "St Denis"]
[Date "2012.10.11"]
[Round "6.25"]
[White "Artigaud, Laurent"]
[Black "Strate, Wolfgang"]
[Result "0-1"]
[WhiteElo "1500"]
[BlackElo "1689"]
[PlyCount "102"]
[EventDate "2012.??.??"]

1. d4 Nf6 2. Nf3 d5 3. e3 Bg4 4. h3 Bxf3 5. Qxf3 e6 6. Bd3 Nbd7 7. b3 e5 8.
dxe5 Nxe5 9. Qd1 Ne4 10. Bxe4 dxe4 11. O-O Qf6 12. c3 Rd8 13. Qe2 Bd6 14. Nd2
Qg6 15. Bb2 Nd3 16. Rab1 O-O 17. c4 f5 18. f4 Bb4 19. Kh2 Bxd2 20. Qxd2 Nxf4
21. Qf2 Nd3 22. Qg3 Qxg3+ 23. Kxg3 Rd6 24. Rfd1 Rfd8 25. Bc3 c5 26. Rd2 g5 27.
Rbd1 Kf7 28. a3 Ke6 29. b4 h5 30. b5 f4+ 31. exf4 Nxf4 32. Rxd6+ Rxd6 33. Rxd6+
Kxd6 34. Bd2 Ne6 35. Kf2 Ke5 36. Be3 Nf4 37. a4 b6 38. Bd2 Kd4 39. a5 Kxc4 40.
h4 Kd3 41. axb6 axb6 42. Bc1 Kc2 43. Be3 Nd3+ 44. Ke2 gxh4 45. Bg5 c4 46. Bd8
Nf4+ 47. Kf2 Nd5 48. Bg5 Kd3 49. Ke1 c3 50. Kd1 Ne3+ 51. Kc1 Nxg2 0-1

[Event "14e Open International de la Reunion"]
[Site "St Denis"]
[Date "2012.10.11"]
[Round "6.28"]
[White "Oster, Jean-Marie"]
[Black "Atlan, Yoram"]
[Result "1-0"]
[WhiteElo "1571"]
[BlackElo "1009"]
[PlyCount "73"]
[EventDate "2012.??.??"]

1. Nf3 Nc6 2. c4 e5 3. Nc3 Nf6 4. d4 e4 5. Ng5 d5 6. cxd5 Nxd5 7. Ngxe4 Nxc3 8.
bxc3 Bf5 9. Ng3 Qf6 10. Nxf5 Qxf5 11. e3 Bd6 12. Qb3 Na5 13. Qb5+ Qxb5 14.
Bxb5+ c6 15. Bd3 O-O 16. c4 Rad8 17. c5 Bxc5 18. Bd2 b6 19. Ke2 Ba3 20. Rab1 c5
21. Bxa5 bxa5 22. Rb5 cxd4 23. Rxa5 Bb4 24. Rxa7 Rfe8 25. e4 Bc5 26. Rc7 Bd6
27. Rc4 Bf4 28. g3 Bh6 29. Rc7 f5 30. f3 f4 31. g4 Ra8 32. Bc4+ Kh8 33. Rc1 g5
34. Rb1 Rec8 35. Rbb7 Bg7 36. Kd3 Be5 37. Rxh7# 1-0

[Event "14e Open International de la Reunion"]
[Site "St Denis"]
[Date "2012.10.11"]
[Round "6.29"]
[White "Romain, Juliane"]
[Black "Karcher, Roger"]
[Result "1/2-1/2"]
[WhiteElo "1367"]
[BlackElo "1570"]
[PlyCount "153"]
[EventDate "2012.??.??"]

1. e4 c6 2. d4 d5 3. Nc3 a6 4. Nf3 Bg4 5. e5 e6 6. Be2 h6 7. Be3 Ne7 8. Nd2
Bxe2 9. Qxe2 Nf5 10. Nb3 Nxe3 11. Qxe3 Be7 12. Ne2 Nd7 13. Ng3 Bg5 14. Qf3 O-O
15. O-O f6 16. Qg4 Qe8 17. Rfe1 f5 18. Qe2 Bh4 19. Qd2 Bxg3 20. fxg3 Rc8 21.
Rac1 c5 22. Qe3 b6 23. c3 c4 24. Nd2 Qg6 25. Rf1 Rf7 26. Rf2 Rcf8 27. Rcf1 b5
28. Nb1 Qg5 29. Qf4 Qe7 30. Qd2 Nb6 31. Na3 Qd7 32. Nc2 Na4 33. b3 cxb3 34.
axb3 Nb6 35. Ra1 Ra8 36. Ne1 a5 37. Nd3 Qe8 38. Qd1 a4 39. Nc5 Nd7 40. Nxd7
Qxd7 41. b4 Qc7 42. Rf3 Rc8 43. Qd2 Qe7 44. Qe2 Qg5 45. Qxb5 a3 46. Qa4 Rfc7
47. Qxa3 Qd2 48. Qc1 Qxc1+ 49. Rxc1 Rb8 50. Rf4 Rxb4 51. g4 g5 52. Rf3 f4 53.
g3 Rxd4 54. gxf4 gxf4 55. Rcf1 Re4 56. h4 Rxe5 57. Rxf4 Kg7 58. R1f3 Rd7 59.
Kg2 Rc7 60. h5 Re2+ 61. Kg3 Rc2 62. Rf6 R2xc3 63. Rxe6 Rxf3+ 64. Kxf3 Rd7 65.
Ke3 d4+ 66. Kd3 Kh7 67. Re4 Kg7 68. Rf4 Rd6 69. Re4 Kf6 70. Rf4+ Kg5 71. Re4
Rd5 72. Re6 Kxg4 73. Rxh6 Kg5 74. Re6 Kf5 75. Re8 Rd7 76. h6 Kg6 77. Re4
1/2-1/2

[Event "14e Open International de la Reunion"]
[Site "St Denis"]
[Date "2012.10.11"]
[Round "6.30"]
[White "Singuina, Yvan"]
[Black "Ringayen, Rose-May"]
[Result "0-1"]
[WhiteElo "1350"]
[BlackElo "1567"]
[PlyCount "48"]
[EventDate "2012.??.??"]

1. Nf3 Nc6 2. c4 e5 3. Nc3 Nf6 4. d3 Bb4 5. Bd2 Bxc3 6. Bxc3 d6 7. g3 Bf5 8.
Bg2 O-O 9. Qb3 Rb8 10. O-O Qd7 11. Nh4 Bh3 12. Rfd1 Bxg2 13. Kxg2 Rfe8 14. e3
Qg4 15. d4 e4 16. d5 Ne5 17. Bxe5 Rxe5 18. Kg1 g5 19. Ng2 Qh3 20. c5 Ng4 21.
Kf1 Rf5 22. f4 exf3 23. cxd6 Qxg2+ 24. Ke1 Qe2# 0-1

[Event "14e Open International de la Reunion"]
[Site "St Denis"]
[Date "2012.10.11"]
[Round "6.31"]
[White "Chan-Faye, Yoann"]
[Black "Ringayen, Francinel"]
[Result "1-0"]
[WhiteElo "1532"]
[BlackElo "1180"]
[PlyCount "69"]
[EventDate "2012.??.??"]

1. e4 e5 2. Nf3 Nc6 3. Bc4 f6 4. Nc3 Nd4 5. O-O Bb4 6. Nd5 Nxf3+ 7. Qxf3 Bc5 8.
b4 Bd4 9. c3 Bb6 10. Nxb6 cxb6 11. d4 Qc7 12. Bb3 d6 13. Bb2 Nh6 14. Qh5+ Nf7
15. f4 g6 16. Qh4 Qe7 17. fxe5 fxe5 18. Bxf7+ Kd8 19. Qxe7+ Kxe7 20. Bd5 Rf8
21. Rxf8 Kxf8 22. Rf1+ Ke7 23. Rf7+ Ke8 24. Rxh7 Kd8 25. Bc1 Rb8 26. Bg5+ Ke8
27. Bf7+ Kf8 28. Bxg6 Be6 29. Bh6+ Kg8 30. Rg7+ Kh8 31. d5 Bg8 32. Rd7 Bh7 33.
Rxh7+ Kg8 34. Re7 Re8 35. Rxe8# 1-0

[Event "14e Open International de la Reunion"]
[Site "St Denis"]
[Date "2012.10.11"]
[Round "6.32"]
[White "Ah Soune, Alexandra"]
[Black "Fontaine, Willy"]
[Result "1-0"]
[WhiteElo "1090"]
[BlackElo "1610"]
[PlyCount "110"]
[EventDate "2012.??.??"]

1. e4 d5 2. exd5 Qxd5 3. Nc3 Qd8 4. d4 Nf6 5. Nf3 Bg4 6. Be2 e6 7. a3 Bd6 8.
Be3 O-O 9. Qd2 Nd5 10. Nxd5 exd5 11. Qd3 f5 12. c4 c6 13. c5 Be7 14. h3 Bh5 15.
O-O Bg6 16. Qd2 Nd7 17. b4 Nf6 18. Qc3 Ne4 19. Qb3 f4 20. Bc1 Bf6 21. Qb2 Bh5
22. Bxf4 Bxf3 23. Bxf3 Bg5 24. Be5 Bf4 25. Rfe1 Qg5 26. g3 Bxe5 27. dxe5 Rxf3
28. g4 Rxf2 29. Qb3 Kh8 30. Rf1 Rxf1+ 31. Rxf1 Nd2 32. Rf5 Qxf5 33. gxf5 Nxb3
34. e6 Re8 35. Kf2 a5 36. Ke2 axb4 37. axb4 Nd4+ 38. Kd3 Nxf5 39. Kc3 d4+ 40.
Kc4 Rxe6 41. Kb3 Re3+ 42. Kc4 d3 43. Kb3 Rg3 44. Kc4 d2 45. b5 d1=Q 46. bxc6
Qd3+ 47. Kb4 Qb3+ 48. Ka5 Qa3+ 49. Kb6 bxc6 50. Kxc6 Nd4+ 51. Kb6 Rg6+ 52. Kc7
Qxc5+ 53. Kd7 Qc6+ 54. Ke7 Re6+ 55. Kf7 Qe8# 1-0

[Event "14e Open International de la Reunion"]
[Site "St Denis"]
[Date "2012.10.11"]
[Round "6.33"]
[White "Dennemont, Bruno"]
[Black "Altiery, Hugo"]
[Result "0-1"]
[WhiteElo "1299"]
[BlackElo "1400"]
[PlyCount "108"]
[EventDate "2012.??.??"]

1. e4 e5 2. Nf3 Nc6 3. Bc4 Nf6 4. d4 exd4 5. Nxd4 Ne5 6. Bd3 d6 7. Bf4 Ng6 8.
Bd2 Be7 9. Nc3 O-O 10. h4 Ng4 11. Qe2 Bxh4 12. g3 Bf6 13. Nf5 Bxf5 14. exf5 Re8
15. Be3 N6e5 16. O-O-O Nxd3+ 17. Qxd3 Bg5 18. f6 Bxe3+ 19. fxe3 Nxf6 20. Nd5 h6
21. Rdf1 Ne4 22. g4 c6 23. Nf4 Qg5 24. Rfg1 Nf2 25. Qf5 Qxf5 26. gxf5 Nxh1 27.
Rxh1 Rxe3 28. b3 Rae8 29. Kb2 Rf3 30. Ng2 Rxf5 31. b4 Re2 32. Nh4 Rh5 33. Kc3
Re4 34. a4 Rhxh4 35. Rd1 Rxb4 36. Rxd6 Rxa4 37. Rd8+ Kh7 38. Rd7 Rac4+ 39. Kd3
b5 40. Rxf7 Rh3+ 41. Kd2 Rh2+ 42. Ke3 Rhxc2 43. Rd7 R2c3+ 44. Rd3 Rxd3+ 45.
Kxd3 h5 46. Ke2 h4 47. Kf1 b4 48. Ke2 Rd4 49. Ke3 c5 50. Ke2 b3 51. Kf2 b2 52.
Kg2 b1=Q 53. Kh3 Qb3+ 54. Kg2 Rd2+ 0-1

[Event "14e Open International de la Reunion"]
[Site "St Denis"]
[Date "2012.10.11"]
[Round "6.34"]
[White "Noel, Philippe"]
[Black "Francois, Robert"]
[Result "1/2-1/2"]
[WhiteElo "1380"]
[BlackElo "1530"]
[PlyCount "40"]
[EventDate "2012.??.??"]

1. e4 c5 2. c3 Nf6 3. d3 d6 4. Bg5 e5 5. Nf3 Be7 6. Be2 Nc6 7. Bxf6 Bxf6 8.
Nbd2 O-O 9. O-O Be6 10. b3 Rc8 11. Qc2 a6 12. Rab1 Ne7 13. Rfd1 Ng6 14. g3 d5
15. Bf1 b5 16. Bg2 Qd7 17. Qc1 c4 18. dxc4 dxc4 19. Nxc4 Qc7 20. Nd6 Rcd8
1/2-1/2

[Event "14e Open International de la Reunion"]
[Site "St Denis"]
[Date "2012.10.11"]
[Round "6.35"]
[White "Cazal, Vincent"]
[Black "Sandjivy, Mateo"]
[Result "0-1"]
[WhiteElo "1490"]
[BlackElo "1360"]
[PlyCount "60"]
[EventDate "2012.??.??"]

1. d4 c5 2. d5 d6 3. e4 e5 4. Bb5+ Bd7 5. Nc3 Bxb5 6. Nxb5 Qa5+ 7. Nc3 Nf6 8.
Nf3 Nxe4 9. Bd2 Nxd2 10. Qxd2 g6 11. O-O-O Na6 12. a3 b5 13. Qe2 Rb8 14. Nxe5
dxe5 15. Qxe5+ Kd7 16. Qxh8 b4 17. axb4 cxb4 18. Nb1 Bh6+ 19. Rd2 Bxd2+ 20.
Kxd2 Rxh8 21. Rd1 b3+ 22. c3 Rd8 23. Na3 Kc7 24. Ke2 Rxd5 25. Rc1 Qb6 26. c4
Qe6+ 27. Kf1 Rd2 28. Re1 Qf6 29. f3 Qxb2 30. Nb5+ Kb6 0-1

[Event "14e Open International de la Reunion"]
[Site "St Denis"]
[Date "2012.10.11"]
[Round "6.37"]
[White "Caro, Vincent"]
[Black "Hoareau, Noe"]
[Result "1/2-1/2"]
[WhiteElo "1280"]
[BlackElo "1420"]
[PlyCount "101"]
[EventDate "2012.??.??"]

1. f4 d5 2. Nf3 Nc6 3. e3 Nf6 4. Bb5 Bd7 5. Bxc6 Bxc6 6. b3 e6 7. Bb2 Be7 8.
O-O Qd7 9. Ne5 Qd8 10. Rf3 Bd6 11. Nxc6 bxc6 12. Rg3 Rg8 13. d3 c5 14. Nd2 d4
15. Nc4 dxe3 16. Nxd6+ cxd6 17. Rxe3 Nd5 18. Rf3 a5 19. c4 Nb6 20. Rg3 g6 21.
d4 Qc7 22. d5 a4 23. dxe6 fxe6 24. Re3 Kf7 25. Qe1 Qe7 26. Qe2 Rge8 27. g4 axb3
28. axb3 Rxa1+ 29. Bxa1 Ra8 30. Bc3 d5 31. f5 gxf5 32. gxf5 Qg5+ 33. Rg3 Qc1+
34. Qe1 Qxe1+ 35. Bxe1 exf5 36. Bf2 Rc8 37. cxd5 Nxd5 38. Rd3 Ne7 39. Rc3 c4
40. Rxc4 Rb8 41. b4 Kg6 42. Kg2 h5 43. h4 Nd5 44. Bc5 Rc8 45. Rd4 Ne3+ 46. Kf3
Nc2 47. Rd6+ Kf7 48. Kf4 Nxb4 49. Bxb4 Rc4+ 50. Kxf5 Rxb4 51. Kg5 1/2-1/2

[Event "14e Open International de la Reunion"]
[Site "St Denis"]
[Date "2012.10.11"]
[Round "6.38"]
[White "Sandjivy, Jean Marc"]
[Black "Cazal, Julian"]
[Result "1-0"]
[WhiteElo "1392"]
[BlackElo "1130"]
[PlyCount "127"]
[EventDate "2012.??.??"]

1. c4 e5 2. Nc3 Nc6 3. g3 Nf6 4. Bg2 Bc5 5. d3 Nd4 6. e3 Ne6 7. Nf3 O-O 8. Nxe5
d6 9. Nf3 d5 10. b3 Bb6 11. O-O c6 12. d4 Bc7 13. Bb2 Ng4 14. Rc1 Ng5 15. Nxg5
Qxg5 16. cxd5 cxd5 17. Nxd5 Bd6 18. h3 Nxf2 19. Rxf2 Qxg3 20. Kf1 Qh2 21. Qh5
b6 22. Nf6+ gxf6 23. Bxa8 Ba6+ 24. Ke1 Qg1+ 25. Kd2 Qxf2+ 26. Kd1 Bb4 27. Bc3
Qf1+ 28. Kc2 Qd3+ 29. Kb2 Qe2+ 30. Qxe2 Bxe2 31. Bxb4 Rxa8 32. Rg1+ Kh8 33. d5
h6 34. Bc3 Bf3 35. Bxf6+ Kh7 36. Rg7+ Kh8 37. Rxf7+ Kg8 38. Rg7+ Kf8 39. Rh7
Bxd5 40. e4 Bxe4 41. Rh8+ Kf7 42. Rxh6 Rg8 43. Bc3 Rg2+ 44. Kc1 Rg1+ 45. Kb2
Rb1+ 46. Ka3 Rc1 47. Be5 Bb1 48. Rf6+ Ke7 49. Rf2 Re1 50. Bg3 b5 51. Bh4+ Kd6
52. Rd2+ Bd3 53. Rxd3+ Ke5 54. Bxe1 Ke4 55. Rd7 a5 56. Bxa5 Kf4 57. Rg7 Ke5 58.
h4 Kf6 59. Rg1 Kf5 60. h5 Kf6 61. h6 Kf7 62. h7 Ke7 63. h8=Q Ke6 64. Qh5 1-0

[Event "14e Open International de la Reunion"]
[Site "St Denis"]
[Date "2012.10.11"]
[Round "7.1"]
[White "Ranaivoharisoa, Alain"]
[Black "Akshat, Khamparia"]
[Result "0-1"]
[WhiteElo "2175"]
[BlackElo "2382"]
[PlyCount "68"]
[EventDate "2012.??.??"]

1. e4 c5 2. Nf3 g6 3. c3 Bg7 4. d4 cxd4 5. cxd4 d5 6. e5 Nh6 7. Nc3 O-O 8. Be2
Nc6 9. h3 f6 10. exf6 exf6 11. O-O Nf5 12. a3 Be6 13. Re1 Bf7 14. Bf1 a6 15.
Na4 Qd6 16. g3 g5 17. g4 Nfe7 18. Nc5 b6 19. Nd3 h5 20. Be3 hxg4 21. hxg4 Qd7
22. Bh3 Be6 23. Nh2 Ng6 24. f4 Nxf4 25. Nxf4 gxf4 26. Bxf4 f5 27. Be3 f4 28.
Bf2 Rae8 29. Qd3 Na5 30. Re2 Nc4 31. Nf3 Bxg4 32. Ng5 Rf5 33. Rxe8+ Qxe8 34.
Bh4 Qh5 0-1